| 000 | 00492nam a22001817a 4500 | ||
|---|---|---|---|
| 005 | 20141007124039.0 | ||
| 010 | _aENG-110989 | ||
| 020 |
_a9788184302196 _c300.00 |
||
| 035 | _aEN-94521 | ||
| 037 | _bDBAD/PUB | ||
| 082 | _aS | ||
| 100 | _aSwift, Jonathan | ||
| 245 |
_aThe best of Gulliver's travels / _cby Jonathan Swift |
||
| 260 |
_aNew Delhi _bOcean Books _c2013 |
||
| 270 |
_a4/19, Asaf Ali Road _bNew Delhi _e110002 |
||
| 300 |
_a248p. : _c22cm(Hb) _bill. |
||
| 942 |
_2ddc _cEN _mSWI _hS |
||
| 999 |
_c89045 _d89045 |
||